Juba International Airport Destinations (Juba, South Sudan) - Statistics

General Stats
  • This quiz has been taken 69 times
    27 since last reset
  • The average score is 7 of 14
Answer Stats
Airline Destination % Correct
Ethiopian Airways Addis Ababa
100%
Egyptair Cairo
95%
flydubai Dubai (International)
95%
Turkish Airlines Istanbul
91%
African Express Airways/Fly540/Kenya Airways Nairobi (Jomo Kenyatta)
91%
RwandAir Kigali
82%
Ethiopian Airways/Golden Wings Aviation/RwandAir/Uganda Airlines Entebbe
64%
Tarco Aviation Port Sudan
45%
Badr Airlines/Golden Wings Aviation Wau
23%
Golden Wings Aviation Malakal
14%
Golden Wings Aviation Rumbek
9%
Golden Wings Aviation Aweil
5%
Sky Travel and Aviation Gulu
0%
Golden Wings Aviation Paloich
0%
No matching quizzes found
Score Distribution
Percent of People with Each Score
Percentile by Number Answered
Your Score History
You have not taken this quiz since the last reset